书目信息 |
| 题名: |
基于空间光调制器的光场调控技术
|
|
| 作者: | 翟中生 著 | |
| 分册: | ||
| 出版信息: | 北京 科学出版社 2024.11 |
|
| 页数: | 253页 | |
| 开本: | 24cm | |
| 丛书名: | ||
| 单 册: | ||
| 中图分类: | O43 , TN761 | |
| 科图分类: | ||
| 主题词: | 光学--guang xue--调控--研究 , 光调制器--guang tiao zhi qi--研究 | |
| 电子资源: | ||
| ISBN: | 978-7-03-079238-9 | |
| 000 | 01213nam0 2200265 450 | |
| 001 | 95050 | |
| 005 | 20250901173304.45 | |
| 010 | @a978-7-03-079238-9@dCNY138.00 | |
| 100 | @a20241225d2024 em y0chiy50 ea | |
| 101 | 0 | @achi |
| 102 | @aCN@b110000 | |
| 105 | @aa a 000yy | |
| 106 | @ar | |
| 200 | 1 | @a基于空间光调制器的光场调控技术@Aji yu kong jian guang tiao zhi qi de guang chang tiao kong ji shu@f翟中生著 |
| 210 | @a北京@c科学出版社@d2024.11 | |
| 215 | @a253页@c图@d24cm | |
| 320 | @a有书目 | |
| 330 | @a本书主要利用空间光调制器的可编程特性, 分析其模拟光栅、透镜、轴锥镜等光学器件的原理, 并利用这些器件实现灵活的光场调控。本书介绍的光场调控技术主要有: 将单光束变为能量、数量、位置可控的二维和三维空间多光束 ; 将光束聚焦成轴向光强可控的线光束 ; 将圆形高斯光束整形为高均匀性、高能量利用率的多形状光束和自加速光束 ; 将线偏振光变换为多偏振态光和涡旋光等。这些技术的应用主要有: 半导体晶圆切割、多截面成像、二维码的高效加工、不同偏振态在材料中的加工等。 | |
| 606 | 0 | @a光学@Aguang xue@x调控@x研究 |
| 606 | 0 | @a光调制器@Aguang tiao zhi qi@x研究 |
| 690 | @aO43@v5 | |
| 690 | @aTN761@v5 | |
| 701 | 0 | @a翟中生@Azhai zhong sheng@4著 |
| 801 | 0 | @aCN@c20250909 |
| 905 | @a河南城建学院图书馆@dO43@eZ048@f1 | |
| 基于空间光调制器的光场调控技术/翟中生著.-北京:科学出版社,2024.11 |
| 253页:图;24cm |
| ISBN 978-7-03-079238-9:CNY138.00 |
| 本书主要利用空间光调制器的可编程特性, 分析其模拟光栅、透镜、轴锥镜等光学器件的原理, 并利用这些器件实现灵活的光场调控。本书介绍的光场调控技术主要有: 将单光束变为能量、数量、位置可控的二维和三维空间多光束 ; 将光束聚焦成轴向光强可控的线光束 ; 将圆形高斯光束整形为高均匀性、高能量利用率的多形状光束和自加速光束 ; 将线偏振光变换为多偏振态光和涡旋光等。这些技术的应用主要有: 半导体晶圆切割、多截面成像、二维码的高效加工、不同偏振态在材料中的加工等。 |
| ● |
| 相关链接 |
|
|
|
正题名:基于空间光调制器的光场调控技术
索取号:O43/Z048
 
预约/预借
| 序号 | 登录号 | 条形码 | 馆藏地/架位号 | 状态 | 备注 |
| 1 | 1629108 | 216291082 | 自科库401/401自科库 88排2列4层/ [索取号:O43/Z048] | 在馆 |